Escudos de los departamentos de colombia - Estadísticas

Estadísticas generales
  • Esta prueba ha sido intentada 31 veces
  • La puntuación promedio es 18 de 33
Estadísticas de respuestas
Imagen Respuesta % Correcto
Bogotá, D. C.
94%
Cundinamarca
75%
Atlántico
69%
Boyacá
69%
Santander
69%
Vaupés
69%
Bolívar
63%
La Guajira
63%
Putumayo
63%
Valle del Cauca
63%
Amazonas
56%
Antioquia
56%
Caquetá
56%
Magdalena
56%
Nariño
56%
Sucre
56%
Arauca
50%
Caldas
50%
Meta
50%
Norte de Santander
50%
San Andrés, Providencia y Santa Catalina
50%
Tolima
50%
Cesar
44%
Chocó
44%
Vichada
44%
Cauca
38%
Córdoba
38%
Guainía
38%
Huila
38%
Quindío
38%
Risaralda
38%
Casanare
31%
Guaviare
31%
No se encontraron pruebas coincidentes
Distribución de puntuación
Porcentaje de gente con cada puntuación
Porcentaje por número respondido
Historial de tus puntuaciones
No has intentado esta prueba.